Statistiques concernant Les os du corps humain - Images

Cliquez ici pour prendre le quiz!

Statistiques générales

  • Ce quiz a été pris 392 fois
  • Le résultat moyen est 26 sur 54

Statistiques - réponses

Réponse% Correct
Fémur
84%
Côte
80%
Phalange
79%
Frontal
78%
Humérus
76%
Tibia
76%
Radius
75%
Métatarse
71%
Occipital
71%
Mandibule
69%
Temporal
68%
Coccyx
67%
Pariétal
66%
Métacarpe
63%
Clavicule
60%
Sternum
60%
Ulna
59%
Scapula
58%
Etrier
57%
Nasal
57%
Maxillaire
53%
Sacrum
53%
Fibula
52%
Marteau
50%
Scaphoïde
50%
Enclume
48%
Cuboïde
45%
Patella
42%
Sphénoide
41%
Trapèze
41%
Zygomatique
41%
Ethmoide
39%
Trapézoïde
38%
Pisiforme
37%
Lombaire
35%
Cervicale
34%
Palatin
33%
Talus
33%
Lunatum
32%
Capitatum
31%
Lacrymal
31%
Triquetrum
31%
Calcanéus
30%
Vomer
30%
Pubis
29%
Cunéiforme
28%
Hamatum
28%
Naviculaire
28%
Thoracique
26%
Hyoide
25%
ischium
19%
Ilium
18%
Cornet nasal inférieur
16%
Sésamoïde
13%

Distribution des résultats

Percentile par nombre de réponses

% des personnes avec chaque résultat

Votre développement - résultats

Vous n’avez pas pris ce quiz